000 00642nam a2200301Ia 4500
005 20260401122440.0
008 008 250103s9999 xx 000 0 eng d
020 _a9788125033905
037 _aTB
040 _aEDL
040 _beng
040 _cEDL
041 _2eng
041 _aeng
084 _a305.56KAM
084 _qEDL
100 _aKamble, Baby
_91108677
245 0 _aPrisons we broke
245 0 _cKamble, Baby
260 _aNew Delhi
260 _bOrient Blackswan
260 _c2015
300 _a178p
942 _cTB
942 _h305.56KAM
999 _c1847356
_d1847356